[Event "6th d'Ille et Vilaine 2013"]
[Site "Rennes FRA"]
[Date "2013.07.06"]
[Round "1.6"]
[White "Mladenov,P"]
[Black "Prioul,J"]
[Result "1-0"]
[WhiteElo "2405"]
[BlackElo "1939"]

1.e4 d6 2.d4 Nf6 3.Nc3 e5 4.Nf3 Nbd7 5.Bc4 Be7 6.O-O O-O 7.Re1 c6 8.a4 b6
9.b3 a6 10.Bb2 Bb7 11.Bd3 Re8 12.dxe5 dxe5 13.Ne2 Bb4 14.Rf1 Qc7 15.c3 Bf8
16.Ng3 Rad8 17.b4 h6 18.Qe2 a5 19.Ba3 axb4 20.cxb4 Ra8 21.Qc2 Rec8 22.Rfc1 Qd8
23.Qb3 Qe8 24.Bb2 Bd6 25.Nf5 Bc7 26.Nd2 g6 27.Ng3 Nh7 28.h4 h5 29.Nf3 Nhf8
30.Rc2 Ne6 31.Bc4 c5 32.Bxe6 Qxe6 33.Qxe6 fxe6 34.b5 Nf6 35.Nd2 Rd8 36.f3 Rd4
37.Nc4 Nd7 38.Ne2 Bd8 39.Nxd4 exd4 40.Nd6 Ra7 41.Nxb7 Rxb7 42.Bxd4 Bxh4 43.Bc3 Bg3
44.Kf1 Ne5 45.Ke2 Kf7 46.f4 Ng4 47.Kf3 Bh4 48.a5 bxa5 49.Rxa5 Bd8 50.Ra8 Be7
51.Rb2 Rd7 52.Ke2 c4 53.b6 Rd3 54.b7 Re3+ 55.Kd1 Rd3+ 56.Kc2 Ne3+ 57.Kb1 Nd1
58.b8=Q  1-0

[Event "47th Ilmar Raud Mem"]
[Site "Viljandi EST"]
[Date "2013.07.06"]
[Round "8.16"]
[White "Tominga,Eke"]
[Black "Narva,J"]
[Result "1-0"]
[WhiteElo "1993"]
[BlackElo "2300"]

1.e4 d6 2.d4 Nf6 3.Nc3 e5 4.Nf3 Nbd7 5.Bc4 Be7 6.Bxf7+ Kxf7 7.Ng5+ Kg8 8.Ne6 Qe8
9.Nxc7 Qd8 10.Nxa8 h6 11.Be3 Kh7 12.dxe5 Nxe5 13.Nd5 Nxd5 14.Qxd5 Nc6 15.Rd1 Bd7
16.Bf4 Qxa8 17.Bxd6 Re8 18.Bxe7 Rxe7 19.O-O Qe8 20.f3 Be6 21.Qc5 Qf7 22.Rd6 Re8
23.Rfd1 a6 24.a4 a5 25.R1d2 g5 26.Rf2 Qf4 27.Rf1 Kg7 28.b3 Qf7 29.h4 Qf4
30.hxg5 hxg5 31.Qc3+ Kf7 32.Qd2 Qe5 33.f4 Qc5+ 34.Rf2 Ke7 35.Rd3 Qb4 36.Qe3 Rg8
37.f5 Bc8 38.f6+ Kf7 39.Qf3 Rh8 40.Qg3 Qe1+ 41.Rf1 Qxg3 42.Rxg3 g4 43.Rd3 Be6
44.Rd6 Rh6 45.Rxe6  1-0

[Event "3rd SPAChess Open"]
[Site "Amsterdam NED"]
[Date "2013.07.07"]
[Round "2.18"]
[White "Maryasin,B"]
[Black "Koelewijn,Alex"]
[Result "1-0"]
[WhiteElo "2335"]
[BlackElo "2060"]

1.e4 d6 2.d4 Nf6 3.Nc3 c6 4.a4 Qa5 5.Bd3 e5 6.Ne2 Nbd7 7.O-O Be7 8.Bd2 Qc7
9.f4 exd4 10.Nxd4 Qb6 11.Be3 Nc5 12.Nb3 Ng4 13.Bxc5 dxc5 14.a5 Qc7 15.Qe2 Be6
16.h3 c4 17.Bxc4 Bxc4 18.Qxc4 Ne3 19.Nd5 Nxd5 20.exd5 O-O 21.dxc6 Bf6 22.c3 Rac8
23.Rad1 bxc6 24.Rd2 Rfe8 25.Rfd1 Re7 26.Rd6 Re1+ 27.Rxe1 Qxd6 28.Nc5 h6 29.Nd3 Rb8
30.b4 Qd5 31.Qxd5 cxd5 32.Ne5 Rc8 33.Re3 Bxe5 34.fxe5 Kf8 35.Rd3 d4 36.Rxd4 Rxc3
37.Rd7 Rb3 38.Rb7 a6 39.b5  1-0

[Event "3rd SPAChess Open"]
[Site "Amsterdam NED"]
[Date "2013.07.07"]
[Round "2.20"]
[White "Doggers,P"]
[Black "De Ruiter,T"]
[Result "1-0"]
[WhiteElo "2227"]
[BlackElo "2101"]

1.e4 d6 2.d4 Nf6 3.Nc3 c6 4.f4 Qa5 5.Bd3 e5 6.Nf3 Bg4 7.Be3 Nbd7 8.O-O Be7
9.Qe1 Bxf3 10.Rxf3 Ng4 11.Bd2 Qb6 12.Ne2 a5 13.Qg3 Ngf6 14.fxe5 Nxe5 15.Rff1 Nxd3
16.Qxd3 O-O 17.Ng3 Nd7 18.Kh1 Bf6 19.Nf5 c5 20.c3 Rae8 21.Qg3 Re6 22.Bh6 g6
23.Bxf8 Kxf8 24.e5 dxe5 25.d5 Re8 26.Ne3 Bg7 27.Rad1 f5 28.d6 Kg8 29.Nc4 Qa6
30.Qd3 Kh8 31.a4 e4 32.Qd5 Qc6 33.Qxc6 bxc6 34.Nxa5 e3 35.Rfe1 f4 36.Nxc6 Ra8
37.Kg1 g5 38.g3 h5 39.gxf4 gxf4 40.a5 Bh6 41.Rd5 f3 42.Kf1 f2 43.Rxe3 Bxe3
44.Rxh5+ Kg7 45.Rh3 Bc1 46.b4 cxb4 47.cxb4 Bd2 48.Kxf2 Kf6 49.Ke2 Bf4 50.Rf3 Kg5
51.b5 Re8+ 52.Kd1 Re6 53.Rd3 Bxd6 54.Nd8 Kf6 55.Rf3+ Ke7 56.Nxe6 Kxe6 57.h4 Ne5
58.Rh3 Kf5 59.h5 Kg4 60.Rh1 Nc4 61.a6 Ne3+ 62.Ke2 Bc5 63.h6 Nd5 64.h7  1-0

[Event "Styrian Open A 2013"]
[Site "Bad Gleichenberg AUT"]
[Date "2013.07.07"]
[Round "2.7"]
[White "Kokol,P"]
[Black "Moser,E"]
[Result "1-0"]
[WhiteElo "2260"]
[BlackElo "2446"]

1.e4 d6 2.d4 Nf6 3.Nc3 Nbd7 4.Nf3 e5 5.Bc4 Be7 6.O-O O-O 7.Re1 c6 8.a4 a5
9.Ba2 h6 10.h3 Re8 11.Be3 Qc7 12.Qd2 Nf8 13.Rad1 Be6 14.d5 cxd5 15.Nb5 Qd7
16.Bxd5 Nxd5 17.exd5 Bf5 18.c4 Ng6 19.Rc1 b6 20.Nh2 Qd8 21.f4 Bf6 22.g4 Bc8
23.f5 Nh4 24.Qf2 Rb8 25.Nf3 g6 26.Bxh6 gxf5 27.g5 Nxf3+ 28.Qxf3 Bxg5 29.Qh5 Bxh6  1-0

[Event "V4 Int Open ch-SVK 2013"]
[Site "Banska Stiavnica SVK"]
[Date "2013.07.07"]
[Round "2.20"]
[White "Farkas,Ga1"]
[Black "Horvath,Ju"]
[Result "1/2-1/2"]
[WhiteElo "2359"]
[BlackElo "2183"]

1.e4 d6 2.d4 Nf6 3.Nc3 e5 4.Nf3 Nbd7 5.Bc4 Be7 6.O-O O-O 7.Re1 c6 8.a4 b6
9.Ba2 a6 10.Qe2 Bb7 11.dxe5 dxe5 12.Nh4 b5 13.Nf5 b4 14.Nd1 a5 15.Bg5 c5
16.Qf3 Kh8 17.Nxe7 Qxe7 18.Ne3 Qd6 19.Nc4 Qc7 20.Rad1 Nxe4 21.Rxe4 f5 22.Qd3 Qc6
23.Qxd7 Qxe4 24.f3 Qxc2 25.Nxe5 b3 26.Bb1 Qe2 27.Bf4 Rae8 28.Bg3 Bc8 29.Qd6 f4
30.Re1 Qxb2 31.Bf2 c4 32.Bd4 c3 33.Bxh7 Qd2 34.Ng6+ Kxh7 35.Nxf8+ Rxf8 36.Qe5 Rf7
37.Bxc3 Qd7 38.Qxa5 Rf5 39.Qb4 Qd5 40.Re7 Qd1+ 41.Kf2 Qc2+ 42.Re2 Qd3 43.Re7 Qc2+
44.Re2 Qd3 45.Re7  1/2-1/2

[Event "2nd Arberopen 2013"]
[Site "Bayerisch Eisenstein GER"]
[Date "2013.07.07"]
[Round "9.15"]
[White "Lang,Fe"]
[Black "Closhen,I"]
[Result "1-0"]
[WhiteElo "2115"]
[BlackElo "1987"]

1.e4 d6 2.d4 Nf6 3.Nc3 c6 4.Nf3 Bg4 5.Be2 Nbd7 6.O-O e5 7.Be3 h6 8.Nd2 Bxe2
9.Qxe2 g5 10.Rad1 Qc7 11.Rfe1 Be7 12.Nf1 b5 13.Ng3 b4 14.Nb1 Nf8 15.Nf5 Ng6
16.Qc4 Rb8 17.f3 Kf8 18.c3 a5 19.Nd2 Nh5 20.g3 Ng7 21.Nf1 Kg8 22.Bd2 bxc3
23.Bxc3 Bf8 24.N1e3 Ne6 25.d5 cxd5 26.Nxd5 Qa7+ 27.Bd4 Qxd4+ 28.Rxd4 Bg7
29.Rd2 Kh7 30.Nxg7 Rhc8 31.Qf1 Kxg7 32.Ne3 Ne7 33.b3 Nd4 34.f4 Rc3 35.fxe5 dxe5
36.Rf2 Rf8 37.Nd5 Nxd5 38.exd5 g4 39.Rd1 Nf3+ 40.Kh1 e4 41.Qe2 Rfc8 42.Qxe4 h5
43.d6 Rc1 44.Qe2 R8c5 45.d7  1-0

[Event "120th ch-SCO 2013"]
[Site "Helensburgh SCO"]
[Date "2013.07.07"]
[Round "2.6"]
[White "Burns-Mannion,S"]
[Black "Strikovic,A"]
[Result "0-1"]
[WhiteElo "2378"]
[BlackElo "2504"]

1.e4 d6 2.d4 Nf6 3.Nc3 e5 4.Nf3 Nbd7 5.Bc4 Be7 6.a4 O-O 7.O-O c6 8.Re1 b6
9.Bg5 a6 10.d5 cxd5 11.Nxd5 Nxd5 12.Bxd5 Rb8 13.Be3 Nf6 14.c4 Nxd5 15.cxd5 f5
16.exf5 Bxf5 17.Nd2 Bg5 18.Nc4 Bxe3 19.Nxe3 Bd7 20.Qe2 b5 21.a5 Rc8 22.b4 Rf4
23.Qb2 Qh4 24.Rab1 Rcf8 25.Re2 Be8 26.g3 Qg5 27.Rc1 Bh5 28.Rec2 Bf3 29.Rc8 h5
30.Rxf8+ Rxf8 31.Rc6 h4 32.Qd2 Qg6 33.Qc1 Rf4 34.Rxa6 Rxb4 35.Qc8+ Kh7 36.Rc6 Ra4
37.Rc1 Rxa5 38.Qf8 Qf6 39.Qxf6 gxf6 40.Nf5 b4 41.Rc7+ Kg8 42.Rc8+ Kf7 43.Rc7+ Ke8
44.Nxd6+ Kd8 45.Rc1 Rxd5 46.Nb7+ Ke7 47.Nc5 h3 48.Kf1 Rd2 49.Ke1 Re2+ 50.Kf1 Ra2
51.Rb1 Kd6 52.Nb3 Bd5 53.Rd1 Kc6 54.Rc1+ Kb6 55.Nc5 Kb5 56.Ke1 b3 57.Nd3 Bc4  0-1

[Event "120th ch-SCO 2013"]
[Site "Helensburgh SCO"]
[Date "2013.07.07"]
[Round "2.3"]
[White "Hebden,M"]
[Black "Hoffman,A"]
[Result "1-0"]
[WhiteElo "2555"]
[BlackElo "2452"]

1.d4 d6 2.e4 Nf6 3.Nc3 e5 4.Nf3 Nbd7 5.Bc4 Be7 6.O-O Nb6 7.Be2 exd4 8.Nxd4 O-O
9.a4 a5 10.Bf4 Nfd7 11.Ndb5 Ne5 12.b3 c6 13.Nd4 Re8 14.Qd2 Ng6 15.Bg3 d5
16.exd5 Bb4 17.Bf3 Bg4 18.dxc6 Bxf3 19.Nxf3 Qxd2 20.Nxd2 Bxc3 21.cxb7 Rad8
22.Rad1 Be5 23.Ne4 Nf4 24.Bxf4 Bxf4 25.Nc5 g6 26.g3 Bb8 27.c4 Ba7 28.Ne4 Rxd1
29.Nf6+ Kf8 30.Rxd1 Rb8 31.c5 Rxb7 32.cxb6 Bxb6 33.Rd7  1-0

[Event "Klatov Open A 2013"]
[Site "Klatovy CZE"]
[Date "2013.07.07"]
[Round "9.17"]
[White "Hurdzan,Tomas"]
[Black "Markovic,Iv CZE"]
[Result "1/2-1/2"]
[WhiteElo "1813"]
[BlackElo "2174"]

1.e4 d6 2.d4 Nf6 3.Nc3 e5 4.Nf3 Nbd7 5.Bc4 Be7 6.O-O O-O 7.Re1 c6 8.a4 b6
9.d5 cxd5 10.Nxd5 Nxd5 11.Bxd5 Rb8 12.b3 Nf6 13.Bc4 Bb7 14.Qd3 Qc7  1/2-1/2

[Event "Klatov Open A 2013"]
[Site "Klatovy CZE"]
[Date "2013.07.07"]
[Round "9.5"]
[White "Kaderabek,J"]
[Black "Taborsky,R"]
[Result "1/2-1/2"]
[WhiteElo "2234"]
[BlackElo "2260"]

1.e4 d6 2.d4 Nf6 3.Nc3 e5 4.Nf3 Nbd7 5.Bc4 Be7 6.O-O O-O 7.h3 c6 8.a4 Nxe4
9.Nxe4 d5 10.Nxe5 Nxe5 11.dxe5 dxe4 12.Bf4 Bf5 13.Qe2 a5 14.Qe3 Qc8 15.Rfd1 Rd8
16.Qb3 Be6 17.Rxd8+ Bxd8 18.Bxe6 fxe6 19.Rd1 Bc7 20.Rd4 b6 21.Qe3 Qe8 22.Qxe4 Rd8
23.Bg5 Rd5 24.Bf4 Qd7 25.Rd3 Rxd3 26.Qxd3 Qxd3 27.cxd3 h5 28.g4 hxg4 29.hxg4 Kf7
30.Kg2 Bd8 31.Kf3 g5 32.Be3 Kg6 33.Ke4 Bc7 34.b3 Bd8 35.Kd4 Bc7 36.Bc1 Bd8
37.Ba3 Kf7 38.Bd6 Ke8 39.Ke4 Kf7 40.Kd4 Ke8 41.Kc4 Kf7 42.b4 axb4 43.Kxb4 Ke8
44.Kc4 Kf7 45.Bb4 Ke8 46.Bc3 Kd7 47.Bd2 Ke8 48.f3 Kd7 49.f4 gxf4 50.Bxf4 Ke8
51.Be3 Kf7 52.a5 bxa5 53.Kc5 Be7+ 54.Kxc6 a4 55.Bc1 a3 56.d4 a2 57.Bb2 Bg5
58.Kd7 Bc1 59.Ba1 Bg5 60.Kd6 Be7+ 61.Kc6 Ke8 62.Kb5 Kd7 63.Bc3 Bg5 64.Ba1  1/2-1/2

[Event "Klatov Open A 2013"]
[Site "Klatovy CZE"]
[Date "2013.07.07"]
[Round "9.26"]
[White "Skopec,L"]
[Black "Matejka,R"]
[Result "1-0"]
[WhiteElo "1947"]
[BlackElo "2020"]

1.e4 d6 2.d4 Nf6 3.Nc3 Nbd7 4.f4 e5 5.Nf3 exd4 6.Qxd4 c5 7.Qd3 Be7 8.Be3 O-O
9.O-O-O Qa5 10.Qb5 Qxb5 11.Bxb5 Nb6 12.Rhe1 Be6 13.f5 Bc4 14.Bf4 Rfd8 15.Bxc4 Nxc4
16.Nd5 Nxd5 17.exd5 Bf6 18.c3 b5 19.g4 Re8 20.b3 Be5 21.Nxe5 Nxe5 22.Bxe5 dxe5
23.d6 f6 24.Rd5 Red8 25.Rxc5 Rxd6 26.Rxb5 Rad8 27.Re2 R8d7 28.Kc2 g6 29.fxg6 hxg6
30.g5 a6 31.Rc5 e4 32.gxf6 Kf7 33.Re5 Rxf6 34.R5xe4  1-0

[Event "EY Girls Teams 2013"]
[Site "Maribor SLO"]
[Date "2013.07.07"]
[Round "2"]
[White "Vidic,Teja"]
[Black "Leks,M"]
[Result "1-0"]
[WhiteElo "1892"]
[BlackElo "2109"]

1.e4 d6 2.d4 Nf6 3.Nc3 e5 4.Nf3 Nbd7 5.Bc4 Be7 6.O-O O-O 7.a4 a6 8.h3 b6
9.Ba2 Bb7 10.Re1 c6 11.d5 c5 12.Nh2 Ne8 13.Ne2 Bg5 14.c4 g6 15.Bb1 Ng7 16.Ng3 h5
17.Ra3 Kh7 18.Bd2 h4 19.Ngf1 Bxd2 20.Nxd2 Nf6 21.Ng4 Bc8 22.Nxf6+ Qxf6 23.Qf3 Qg5
24.Qe3 Qe7 25.f4 exf4 26.Qxf4 Nh5 27.Qe3 Re8 28.Nf3 Qf6 29.Ng5+ Kg8 30.Rf1 Bf5
31.Qd2 Ng3 32.Rxg3 hxg3 33.exf5 gxf5 34.Bxf5 Qd4+ 35.Qxd4 cxd4 36.Bh7+ Kh8
37.Rxf7 Re1+ 38.Rf1 Rxf1+ 39.Kxf1 Rf8+ 40.Ke1 Rf2 41.Be4 Rxb2 42.Nf7+ Kg7
43.Nxd6 Rb4 44.Nf5+ Kf6 45.d6 Ke6 46.Bc6 Rb1+ 47.Kd2 d3 48.d7 Rb2+ 49.Kxd3 Rb3+
50.Kc2  1-0

[Event "6th d'Ille et Vilaine 2013"]
[Site "Rennes FRA"]
[Date "2013.07.07"]
[Round "1.9"]
[White "Gauer,Jac"]
[Black "Kukov,V"]
[Result "0-1"]
[WhiteElo "1925"]
[BlackElo "2370"]

1.e4 d6 2.d4 Nf6 3.Nc3 e5 4.Nf3 exd4 5.Qxd4 Nc6 6.Bb5 Bd7 7.Bxc6 Bxc6 8.O-O Be7
9.Bf4 O-O 10.e5 Bxf3 11.gxf3 Nh5 12.Rad1 Nxf4 13.Qxf4 dxe5 14.Qxe5 Bd6 15.Qh5 Qf6
16.Rfe1 g6 17.Qg4 h5 18.Ne4 Qf4 19.Qxf4 Bxf4 20.Rd7 Rfd8 21.Red1 Rxd7 22.Rxd7 Kg7
23.h4 Re8 24.Ng5 Bxg5 25.hxg5 Rc8 26.f4 Kf8 27.f5 Ke8 28.Rd5 c6 29.Re5+ Kd7
30.fxg6 fxg6 31.Re4 Rf8 32.f4 c5 33.Kf2 Re8 34.Ra4 a6 35.Ra3 Re4 36.Kf3 Rd4
37.Rb3 b5 38.Ra3 Ra4 39.Rd3+ Ke6 40.a3 Rd4 41.Re3+ Kf7 42.Re5 c4 43.Ke3 Rd1
44.Rc5 h4 45.Rc7+ Ke6 46.Rc6+ Rd6 47.Rc8 h3 48.Rh8 c3 49.bxc3 Rc6 50.Kd3 Kf5
51.Rxh3 Kxf4 52.Ke2 Kxg5 53.Rd3 Rc4 54.Kf3 Ra4 55.Rd5+ Kh6 56.Rc5 Rc4 57.Rxc4 bxc4
58.Kg4 g5 59.a4 Kg6 60.Kg3 Kf5 61.Kf3 g4+ 62.Kg3 Kg5 63.Kg2 Kf4  0-1

[Event "VIII Wroclaw Open A 2013"]
[Site "Wroclaw POL"]
[Date "2013.07.07"]
[Round "7.7"]
[White "Grela,K"]
[Black "Khamidov,K"]
[Result "1-0"]
[WhiteElo "2003"]
[BlackElo "2080"]

1.e4 d6 2.d4 Nf6 3.Nc3 c6 4.f4 Qa5 5.Bd3 Bg4 6.Nf3 e5 7.dxe5 dxe5 8.h3 Bxf3
9.Qxf3 Nbd7 10.Bd2 Qc7 11.f5 Nc5 12.O-O-O O-O-O 13.Be2 b5 14.Rhe1 Qa5 15.a3 Rxd2
16.Rxd2 b4 17.axb4 Qa1+ 18.Nb1 Ncxe4 19.Qa3 Qxa3 20.bxa3 Nxd2 21.Nxd2 Kc7
22.Bc4 a5 23.c3 axb4 24.cxb4 Bd6 25.Bxf7 Rf8 26.Be6 Nh5 27.Nc4 Nf4 28.Rd1 Rd8
29.Kc2 g6 30.g3 Nxe6 31.fxe6 Be7 32.Rxd8 Kxd8 33.Nxe5 Kc7 34.Nf7 c5 35.b5 Kb6
36.a4 c4 37.Ne5 Kc5 38.Nc6 Kd6 39.Nxe7  1-0

[Event "Styrian Open A 2013"]
[Site "Bad Gleichenberg AUT"]
[Date "2013.07.08"]
[Round "3.9"]
[White "Wallner,J"]
[Black "Lorscheid,G"]
[Result "1/2-1/2"]
[WhiteElo "2404"]
[BlackElo "2273"]

1.e4 d6 2.d4 Nf6 3.Nc3 e5 4.Nf3 Nbd7 5.Bc4 Be7 6.O-O O-O 7.Re1 c6 8.a4 b6
9.d5 cxd5 10.Nxd5 Bb7 11.b3 Rc8 12.Re2 Nxd5 13.Bxd5 Bxd5 14.Qxd5 Nf6 15.Qd1 d5
16.exd5 Qxd5 17.Qxd5 Nxd5 18.c4 Nc3 19.Re3 Nd1 20.Re1 Rfd8 21.Bg5 Bxg5 22.Raxd1 Bf6
23.Kf1 Rxd1 24.Rxd1 Kf8 25.Rd7 a5 26.Ke2 Re8 27.Ke3 e4 28.Nd4 Bg5+ 29.Ke2 Be7
30.Nf5 Bc5 31.g4 g6 32.Nd6 Re6 33.Nxf7 Rf6 34.Ng5 Ke8 35.Rd2 Rxf2+ 36.Kd1 Rf1+
37.Kc2 Be3 38.Rd5 Rf2+ 39.Kc3 Bxg5 40.Rxg5 Rf3+  1/2-1/2

[Event "4th Borloy Mem FSGM 2013"]
[Site "Budapest HUN"]
[Date "2013.07.08"]
[Round "3.2"]
[White "Schneider,Ve"]
[Black "Blomqvist,E"]
[Result "0-1"]
[WhiteElo "2294"]
[BlackElo "2483"]

1.e4 d6 2.d4 Nf6 3.Nc3 e5 4.h3 Nbd7 5.g4 g6 6.Nge2 Bg7 7.Bg2 c6 8.Be3 a6
9.a4 b6 10.O-O Bb7 11.Ng3 O-O 12.g5 Ne8 13.d5 c5 14.h4 Bc8 15.h5 Ra7 16.hxg6 fxg6
17.Bh3 Nb8 18.Bg4 Rf4 19.Bxf4 exf4 20.Qf3 Bxg4 21.Qxg4 fxg3 22.Qxg3 Re7 23.Rfe1 Bd4
24.Kg2 Ng7 25.f4 Nd7 26.Nd1 Qe8 27.Qf3 Rf7 28.Rh1 Ne5 29.Qg3 Nc4 30.Qf3 Nd2
31.Qe2 Rxf4 32.e5 Qe7 33.Rh3 Nh5 34.Raa3 Qxg5+ 35.Rag3 Nxg3 36.Rxg3 Qxe5  0-1

[Event "IsBank TCh-TUR 2013"]
[Site "Denizli TUR"]
[Date "2013.07.08"]
[Round "11.4"]
[White "Emiroglu,C"]
[Black "Markus,Rob"]
[Result "0-1"]
[WhiteElo "2291"]
[BlackElo "2611"]

1.e4 d6 2.d4 Nf6 3.Nc3 e5 4.Nf3 Nbd7 5.Bc4 Be7 6.O-O O-O 7.h3 exd4 8.Qxd4 Nb6
9.Bb3 Nfd7 10.Be3 Bf6 11.Qd2 Nc5 12.Bxc5 dxc5 13.Qxd8 Rxd8 14.e5 Be7 15.Na4 Nd5
16.Bxd5 Rxd5 17.c4 Rd8 18.Rad1 Bf5 19.b3 h5 20.Nc3 c6 21.Rfe1 a6 22.Rxd8+ Rxd8
23.Ne4 Rd3 24.Ng3 Bxh3 25.gxh3 Rxf3 26.Kg2 Rd3 27.Re3 Rxe3 28.fxe3 g6 29.Ne4 Kf8
30.Kf3 Ke8 31.Nf2 Kd7 32.Kf4 Ke6 33.Ne4 Bf8 34.Ng5+ Ke7 35.Ke4 Bh6 36.Nh7 Ke6
37.Nf6 Bf8 38.Ne8 Kd7 39.Nf6+ Ke6 40.Ne8 f5+ 41.exf6 Kf7 42.Nc7 Kxf6 43.Ne8+ Kf7
44.Nc7 Be7 45.Ke5 Bh4 46.Na8 Bd8 47.Kd6 g5 48.Ke5 Kg6 49.a3 a5 50.a4 h4 51.Ke4 Kf6
52.Kf3 Ke5 53.Kf2 Ke4 54.Ke2 b6 55.Kf2 Kd3 56.Kf3 Kc3 57.e4 Kd4 58.e5 Kxe5
59.Ke3 Ke6 60.Ke4 Kf6  0-1

[Event "EY Boys Teams 2013"]
[Site "Maribor SLO"]
[Date "2013.07.08"]
[Round "3"]
[White "Tesik,C"]
[Black "Ostovic,M"]
[Result "1-0"]
[WhiteElo "2341"]
[BlackElo "2316"]

1.e4 d6 2.d4 Nf6 3.Nc3 e5 4.Nge2 Be7 5.g3 O-O 6.Bg2 c6 7.a4 a5 8.O-O Na6
9.h3 Nb4 10.Be3 exd4 11.Bxd4 Nd7 12.f4 Nb6 13.g4 d5 14.exd5 N6xd5 15.f5 Bg5
16.Nxd5 Nxd5 17.Bxd5 Qxd5 18.Nc3 Qc4 19.b3 Qb4 20.Ne4 Rd8 21.c3 Qe7 22.Qf3 Bh4
23.f6 Qe6 24.fxg7 Qg6 25.Qe3 f5 26.Ng3 Re8 27.Qf3 Bxg3 28.Qxg3 fxg4 29.Rf8+ Rxf8
30.gxf8=Q+ Kxf8 31.Rf1+ Kg8 32.h4 Bf5 33.Qe5 Rf8 34.Qh8+ Kf7 35.Qe5 Kg8 36.h5 Qg5
37.Qh8+ Kf7 38.Qe5 Kg8 39.Qh8+ Kf7 40.Qxh7+ Ke6 41.Re1+ Kd5 42.Qc7  1-0

[Event "EY Boys Teams 2013"]
[Site "Maribor SLO"]
[Date "2013.07.08"]
[Round "4"]
[White "Rieger,R"]
[Black "Ostovic,M"]
[Result "1/2-1/2"]
[WhiteElo "2174"]
[BlackElo "2316"]

1.e4 d6 2.d4 Nf6 3.Nc3 e5 4.Nf3 Nbd7 5.Bc4 Be7 6.O-O Nb6 7.Be2 exd4 8.Qxd4 O-O
9.a4 a5 10.h3 Nfd7 11.Bf4 Bf6 12.Qd2 Nc5 13.Bg5 Re8 14.Bd3 h6 15.Bxf6 Qxf6
16.Nh2 Bd7 17.b3 Bc6 18.Rae1 Qd4 19.Nf3 Qb4 20.Re3 Nbd7 21.Rfe1 Nxd3 22.Qxd3 Rad8
23.Nd4 Nc5 24.Qd2 Bd7 25.f4 Ne6 26.Rd3 Nxd4 27.Rxd4 Qc5 28.Kh2 Bc6 29.e5 Rd7
30.Re2 Red8 31.Rc4 Qb6 32.e6 fxe6 33.Rxe6 d5 34.Rd4 Qc5 35.Re5 Kh8 36.Nd1 b6
37.Ne3 Qf8 38.Ng4 Bb7 39.f5 c5 40.Rf4 Rf7 41.Re6 Rxf5 42.Rxf5 Qxf5 43.Rxb6 h5
44.Nh6 Qe5+ 45.g3 Rd7 46.Qf2 Qe8 47.Nf5 Qf7 48.Qf4 d4 49.g4 Qd5 50.Kg3 hxg4
51.hxg4 Rf7 52.Rd6 Qg2+ 53.Kh4 Qh1+ 54.Kg5 Be4 55.Rd8+ Kh7 56.Qb8 Qc1+ 57.Kh4 Qh1+
58.Kg5 Qc1+ 59.Kh4 Qh1+ 60.Kg5 Qc1+  1/2-1/2

[Event "6th ch-Cent SRB Int 2013"]
[Site "Paracin SRB"]
[Date "2013.07.08"]
[Round "4.6"]
[White "Tosic,M"]
[Black "Kadric,D"]
[Result "1/2-1/2"]
[WhiteElo "2421"]
[BlackElo "2459"]

1.d4 d6 2.e4 Nf6 3.Nc3 e5 4.Nf3 Nbd7 5.Be2 c6 6.O-O Be7 7.Re1 Qc7 8.a4 a5
9.Bc4 O-O 10.Bg5 h6 11.Bh4 Nb6 12.Bb3 Bg4 13.dxe5 dxe5 14.h3 Bh5 15.g4 Bg6
16.Bg3 Nfd7 17.Qe2 Rfe8 18.Rad1 Bb4 19.Nh4 Bh7 20.Nf5 Nc5 21.Nd6 Re7 22.Nf5 Ree8
23.h4 Rad8 24.g5 hxg5 25.Qg4 Nxb3 26.cxb3 Rxd1 27.Rxd1 Bxc3 28.bxc3 Bxf5
29.exf5 Qc8 30.hxg5 g6 31.Re1 Qxf5 32.Qxf5 gxf5 33.Rxe5 Rxe5 34.Bxe5 Nd7
35.Bd6 Kg7 36.Kf1 Kg6 37.f4 f6 38.gxf6 Kxf6 39.c4 Ke6  1/2-1/2

[Event "6th ch-Cent SRB Int 2013"]
[Site "Paracin SRB"]
[Date "2013.07.08"]
[Round "4.22"]
[White "Cabarkapa,N"]
[Black "Radovanovic,Nik"]
[Result "1/2-1/2"]
[WhiteElo "2356"]
[BlackElo "2249"]

1.e4 d6 2.d4 Nf6 3.Nc3 e5 4.Nf3 Nbd7 5.Bc4 Be7 6.O-O O-O 7.Re1 c6 8.a4 exd4
9.Nxd4 Ne5 10.Ba2 Re8 11.h3 Qa5 12.Be3 Bd8 13.f4 Ng6 14.Qf3 Bd7 15.Bf2 Qh5
16.f5 Qxf3 17.Nxf3 Ne5 18.Nxe5 dxe5 19.a5 Bc7 20.Bc4 b5  1/2-1/2

[Event "6th ch-Cent SRB Int 2013"]
[Site "Paracin SRB"]
[Date "2013.07.08"]
[Round "4.27"]
[White "Sarenac,D"]
[Black "Pantic,I"]
[Result "1/2-1/2"]
[WhiteElo "2311"]
[BlackElo "2193"]

1.e4 d6 2.d4 Nf6 3.Nc3 e5 4.Nf3 Nbd7 5.g4 Nxg4 6.Rg1 Ngf6 7.Be3 c6 8.Qd2 b5
9.O-O-O b4 10.dxe5 bxc3 11.Qxc3 dxe5 12.Qxc6 Rb8 13.Nxe5 Qa5 14.Nc4 Qxa2
15.e5 Bb7 16.Qc7 Qa1+ 17.Kd2 Bb4+ 18.c3 Bxc3+ 19.bxc3 Ne4+ 20.Ke1 Qxc3+ 21.Bd2 Qd4
22.Be3 Qc3+ 23.Bd2 Qd4  1/2-1/2

[Event "Commonwealth & RSA Open"]
[Site "Port Elizabeth RSA"]
[Date "2013.07.08"]
[Round "4.9"]
[White "Nadig,K"]
[Black "Solomon,K"]
[Result "1/2-1/2"]
[WhiteElo "2141"]
[BlackElo "2410"]

1.e4 d6 2.d4 Nf6 3.Nc3 e5 4.Nf3 Nbd7 5.Bc4 Be7 6.O-O O-O 7.Re1 c6 8.a4 h6
9.b3 Re8 10.Bb2 Qc7 11.h3 Nf8 12.Ne2 Ng6 13.Ng3 Bf8 14.Nh2 Nf4 15.Ng4 Nxg4
16.hxg4 g6 17.f3 Be6 18.Bxe6 Nxe6 19.d5 Nf4 20.c4 Qb6+ 21.Kf1 Be7 22.Nh1 Bh4
23.g3 Bxg3 24.Nxg3 Nh3 25.Kg2 Nf4+ 26.Kf1 Nh3  1/2-1/2

[Event "3rd SPAChess Open"]
[Site "Amsterdam NED"]
[Date "2013.07.09"]
[Round "4.26"]
[White "Bakels,Anton"]
[Black "De Ruiter,T"]
[Result "1-0"]
[WhiteElo "2003"]
[BlackElo "2101"]

1.e4 d6 2.d4 Nf6 3.Nc3 c6 4.f4 Qa5 5.Bd3 e5 6.Nf3 Bg4 7.Be3 Nbd7 8.O-O Be7
9.h3 Bh5 10.a3 a6 11.Qe1 Bxf3 12.Rxf3 b5 13.Rf1 Qc7 14.g4 h6 15.b4 g5 16.fxg5 hxg5
17.Kg2 exd4 18.Bxd4 Ne5 19.Qg3 Rh6 20.a4 bxa4 21.Rxa4 Ng6 22.Ne2 Qd7 23.Kg1 Nf8
24.Rfa1 Ne6 25.Be3 Nc7 26.Nd4 Rg6 27.Nf3 Rg8 28.Nd4 Nh7 29.e5 Nf8 30.Nf5 d5
31.Nd6+ Bxd6 32.exd6 Nce6 33.Bxa6 Rd8 34.Bc5 Nxc5 35.bxc5 Ne6 36.Qf2 d4 37.Bc4 Nf4
38.Re1+ Kf8 39.Ra3 Re8 40.Rxe8+ Qxe8 41.Qxd4  1-0

[Event "V4 Int Open ch-SVK 2013"]
[Site "Banska Stiavnica SVK"]
[Date "2013.07.09"]
[Round "4.33"]
[White "Adamciak,Tomas"]
[Black "Kleman,M"]
[Result "0-1"]
[WhiteElo "1853"]
[BlackElo "2207"]

1.e4 d6 2.d4 Nf6 3.Nc3 e5 4.dxe5 dxe5 5.Qxd8+ Kxd8 6.Nf3 Bd6 7.Bg5 Be6 8.O-O-O Nd7
9.Bb5 Kc8 10.Rd2 a6 11.Bxd7+ Nxd7 12.Nd5 f6 13.Be3 b5 14.a4 bxa4 15.Rhd1 Rb8
16.Ne1 a3 17.b3 a5 18.Kb1 a4 19.Ka2 Re8 20.f3 Bf8 21.Rb1 c6 22.Nc3 axb3+
23.cxb3 Kc7 24.Nd3 Rb7 25.Nc1 Reb8 26.Rd3 g6 27.f4 Kc8 28.g3 f5 29.Na4 Rb4
30.Rc3 Kc7 31.Nc5 Bxc5 32.Bxc5 Rxe4 33.fxe5 Nxe5 34.Kxa3 Nc4+  0-1

[Event "IsBank TCh-TUR 2013"]
[Site "Denizli TUR"]
[Date "2013.07.09"]
[Round "12.3"]
[White "Duman,A"]
[Black "Markus,Rob"]
[Result "0-1"]
[WhiteElo "2252"]
[BlackElo "2611"]

1.e4 d6 2.d4 Nf6 3.Nc3 e5 4.dxe5 dxe5 5.Qxd8+ Kxd8 6.Bc4 Ke8 7.Nf3 Bd6 8.Bg5 Nbd7
9.O-O-O a6 10.a4 h6 11.Bh4 Kf8 12.Rhe1 g6 13.Nd5 Nxd5 14.Bxd5 Rb8 15.a5 Kg7
16.c3 b5 17.axb6 Nxb6 18.Bb3 a5 19.Kc2 Bg4 20.Re3 a4 21.Ba2 f6 22.h3 Bd7
23.Nd2 Bb5 24.f3 Bc5 25.Ree1 Rhd8 26.c4 Be8 27.f4 exf4 28.e5 g5 29.exf6+ Kf8
30.Ne4 Bg6  0-1

[Event "120th ch-SCO 2013"]
[Site "Helensburgh SCO"]
[Date "2013.07.09"]
[Round "4.1"]
[White "Jones,G"]
[Black "Strikovic,A"]
[Result "0-1"]
[WhiteElo "2643"]
[BlackElo "2504"]

1.e4 d6 2.d4 Nf6 3.Nc3 e5 4.Nf3 Nbd7 5.g4 Nxg4 6.Rg1 Ngf6 7.Be3 c6 8.Qd2 b5
9.O-O-O Bb7 10.dxe5 dxe5 11.Nxb5 Nxe4 12.Qe1 cxb5 13.Bxb5 Bd6 14.Nxe5 Bxe5
15.Rxd7 Qxd7 16.Bxd7+ Kxd7 17.Qa5 Rhe8 18.Rd1+ Kc8 19.Qb5 Nf6 20.Bg5 Re6
21.Qc5+ Bc6 22.f4 Nd7 23.Rxd7 Bxb2+ 24.Kxb2 Kxd7 25.Qd4+ Rd6 26.Qxg7 Bd5
27.Qd4 Rb8+ 28.Kc1 Rb1+ 29.Kxb1 Bxa2+ 30.Kxa2 Rxd4 31.Kb3 Ke6 32.c3 Re4 33.c4 f6
34.Bh4 Rxf4 35.Bg3 Rg4 36.Kb4 f5 37.Bf2 a6  0-1

[Event "23rd Heart of FIN"]
[Site "Jyvaskyla FIN"]
[Date "2013.07.09"]
[Round "3.9"]
[White "Reed,D"]
[Black "Sakalauskas,V"]
[Result "0-1"]
[WhiteElo "2043"]
[BlackElo "2386"]

1.e4 d6 2.d4 Nf6 3.Nc3 c6 4.a4 Nbd7 5.Nf3 e5 6.Be2 Be7 7.O-O O-O 8.Bg5 h6
9.Bh4 Qc7 10.Qd2 Re8 11.Rfe1 Nf8 12.h3 Ng6 13.Bg3 Nh5 14.Bh2 Nhf4 15.Bf1 Bf6
16.Ne2 Nxe2+ 17.Rxe2 Be6 18.Ree1 Rad8 19.dxe5 dxe5 20.Qe3 b6 21.Rad1 Be7
22.Qc3 Bd6 23.Rxd6 Qxd6 24.Nxe5 Qd2 25.Qxd2 Rxd2 26.Nxg6 fxg6 27.Bd3 Rf8
28.f3 c5 29.b3 Bxb3 30.Bd6 Rd8 31.e5 Kf7 32.Re4 g5 33.h4 Bd5 34.Rg4 Be6 35.Rg3 gxh4
36.Rg4 Bxg4 37.fxg4 Rxd6 38.exd6 Ke6  0-1

[Event "6th ch-Cent SRB Int 2013"]
[Site "Paracin SRB"]
[Date "2013.07.09"]
[Round "5.29"]
[White "Todic,Z"]
[Black "Kasparova,T"]
[Result "0-1"]
[WhiteElo "2275"]
[BlackElo "2133"]

1.e4 d6 2.d4 Nf6 3.Nc3 e5 4.Nf3 Nbd7 5.Bg5 Be7 6.h3 c6 7.Bd3 O-O 8.Qd2 b5
9.a3 Rb8 10.Bxf6 Bxf6 11.d5 cxd5 12.Nxd5 Nc5 13.O-O Bb7 14.Nc3 a6 15.Rfd1 Qc7
16.Nh2 Be7 17.g4 Ne6 18.Nf1 Nf4 19.Kh2 Bd8 20.Ne3 g6 21.Rf1 Be7 22.Rac1 Rbc8
23.f3 Qc5 24.Ng2 Ne6 25.h4 Nd4 26.Be2 f5 27.Kh1 Rf7 28.g5 Rcf8 29.b4 Qc8
30.Qd3 Qa8 31.Qe3 Rc8 32.Rfe1 Bd8 33.Qd3 Rfc7 34.Nd5 Bxd5 35.exd5 Rc3 36.Qd1 Qxd5
37.Rf1 Qc6 38.Bd3 Bb6 39.h5 d5 40.hxg6 hxg6 41.Qe1 e4 42.fxe4 dxe4 43.Be2 Kg7
44.Nf4 Nxe2 45.Nxe2 Rh8+ 46.Kg2 Rch3 47.Ng1 Rh2+ 48.Kg3 Bxg1  0-1